000 01580nam2a22002531 4500
001 RU\NLR\INFOCOMM44\1000046235
005 20250617131953.0
035 _a(NLR Aleph) 002625910
090 _a3656564
_c3656564
100 _a20040719d1983 |||y0rusy50 ca
101 0 _arus
102 _aRU
105 _ay |||||||||
200 1 _aКормогризин - высокоэффективный отечественный препарат для сельскохозяйственных животных. Производство и применение
_fА.М. Макухина и др.
210 _d1983
_aБ. м.
461 0 _1001RU\NLR\INFOCOMM44\1000046225
_12001#$aПолучение и применение микробиологических средств защиты растений, кормовых антибиотиков и бактериальных удобрений$eОбзор. информ.$fМ-во мед. и микробиол. пром-сти СССР. ЦБТНИ$v1983, Вып.3
_93656477
_cМ.
_d1979-1987
_fМ-во мед. и микробиол. пром-сти СССР. ЦБТНИ
_oОбзор. информ.
_tПолучение и применение микробиологических средств защиты растений, кормовых антибиотиков и бактериальных удобрений
_v1983, Вып.3
700 1 _aМакухина
_bА.М.
_4070
801 1 _aRU
_bInfoComm
_c20040719
801 0 _aRU
_bNLR
_gPSBO
852 _aNLR
_jП10/5624
942 _cISSUE
980 _aNB
980 _aRUSPER